| 000 | 00812nam a22002297a 4500 | ||
|---|---|---|---|
| 999 |
_c13790 _d13790 |
||
| 003 | AR-CdUCM | ||
| 008 | 190329b ||||| |||| 00| 0 spa d | ||
| 020 | _a978-84-316-7167-9 | ||
| 040 |
_aMUNICIPALIDAD PROVINCIAL DEL CUSCO _cBIBLIOTECA MUNICIPAL DEL CUSCO |
||
| 082 |
_aES / 803 / _bD73 |
||
| 100 |
_aDickens, Charles _9500 |
||
| 245 | _aCuentos de navidad / | ||
| 260 |
_aEspaña : _bVicens Vives, ; _c2003. |
||
| 300 |
_a111 páginas ; _bIlustraciones _c22 cm |
||
| 440 |
_aCucaña _n25 _932349 |
||
| 500 | _aColección dirigida por Francisco Antón. | ||
| 505 | _aContenido: El fantasma de Marley -- El primer espíritu -- El segundo espíritu -- El ultimo espíritu --Fin del cuento . | ||
| 650 |
_aHistorietas _910786 |
||
| 650 |
_aCuentos _9217 |
||
| 942 |
_2ddc _cLIBROS |
||
| 945 |
_arum _d2019-04-16 |
||